logo

Bir Sreshtho Munshi Abdur Rouf Library
Jhenaidah Cadet College

Model Questions Advanced Learner's Communicative English / (Record no. 4561)

MARC details
000 -LEADER
fixed length control field 00638nam a2200229 a 4500
001 - CONTROL NUMBER
JCCL Control Number 4561
003 - CONTROL NUMBER IDENTIFIER
JCCL marc code BD-JhCC
005 - DATE AND TIME OF LATEST TRANSACTION
control field 20210329134019.0
008 - FIXED-LENGTH DATA ELEMENTS--GENERAL INFORMATION
fixed length control field 171128s1999 b |||| || | 000 0 eng d
035 ## - SYSTEM CONTROL NUMBER
system control number (BD-JhCC)4561
040 ## - CATALOGING SOURCE
Original cataloging agency BD-JhCC
Modifying agency BD-JhCC
041 ## - LANGUAGE CODE
Language code of Book eng
082 ## - DEWEY DECIMAL CLASSIFICATION NUMBER
Classification number 425
Author mark and Year CHO 1999
100 ## - MAIN ENTRY--PERSONAL NAME
Personal name Chowdhury, Md. Yousuf Ali
245 ## - TITLE STATEMENT
Title Model Questions Advanced Learner's Communicative English /
Statement of responsibility, etc Md. Yousuf Ali Chowdhury,
260 ## - PUBLICATION, DISTRIBUTION, ETC. (IMPRINT)
Place of publication, distribution, etc Dhaka :
Name of publisher, distributor, etc Advanced Publications,
Date of publication, distribution, etc 1999.
300 ## - PHYSICAL DESCRIPTION
Pagination 283 p. :
Dimensions 21 cm.
650 ## - SUBJECT ADDED ENTRY--TOPICAL TERM
Topical term or geographic name as entry element English Language
700 ## - ADDED ENTRY--PERSONAL NAME
Personal name Md. Mofazzel Hossain
942 ## - ADDED ENTRY ELEMENTS (KOHA)
Source of classification or shelving scheme Dewey Decimal Classification
Koha item type Books
Koha issues (borrowed), all copies 2
Holdings
Source of classification or shelving scheme Damaged status Not for loan Home library Current library Shelving location Date of accession Total Checkouts Full call number Barcode Date last seen Date checked out Copy number Koha item type
Dewey Decimal Classification     JCC Rouf Library JCC Rouf Library General Stacks 11/28/2017 1 425 CHO 1999 6428 03/20/2022 03/28/2021 C-1 Books

JCC Library | Contacts | JCC Home

Last Update on 23 September 2017
Copyright @ 2017-2020 JCC Rouf Library
Rouf Library, Jhenidah Cadet College (JCC), Bangladesh